[Event "Sibiria Region-ch"]
[Site "Prokopevsk"]
[Date "2012.03.17"]
[Round "6"]
[White "Kuvachev, Andrey Sergeevich"]
[Black "Tsydypov, Zhamsaran"]
[Result "1-0"]
[WhiteElo "2261"]
[BlackElo "2321"]
[PlyCount "129"]
[EventDate "2012.03.12"]
[EventType "swiss"]
[EventRounds "9"]
[EventCountry "RUS"]
[SourceTitle "EXT 2013"]
[Source "ChessBase"]
[SourceDate "2012.11.22"]
[SourceVersion "1"]
[SourceVersionDate "2012.11.22"]
[SourceQuality "1"]

1. Nf3 Nf6 2. c4 g6 3. Nc3 d5 4. cxd5 Nxd5 5. Qc2 Nb6 6. d4 Bg7 7. e4 0-0 8. Be3 a5 9. Be2 Bg4 10. Rd1 Bxf3 11. gxf3 Nc6 12. d5 Ne5 13. Nb5 Rc8 14. f4 Ned7 15. 0-0 c6 16. Na7 Rc7 17. dxc6 Qa8 18. cxd7 Rxc2 19. Bxb6 Rd8 20. Rc1 Rxc1 21. Rxc1 Rxd7 22. Rc8+ Qxc8 23. Nxc8 Rd2 24. Bb5 Bd4 25. Bxd4 Rxd4 26. Nxe7+ Kf8 27. Nc8 Rxe4 28. Nd6 Re6 29. Nc4 b6 30. Kg2 f5 31. Kf3 Ke7 32. Ne5 Kd6 33. a4 Kc5 34. Bc4 Re7 35. b3 Kd6 36. h4 Rc7 37. Ke3 Kc5 38. Nd3+ Kd6 39. Kd4 Re7 40. Ne5 Rc7 41. Nf7+ Ke7 42. Ne5 Kd6 43. Bg8 Re7 44. Bd5 Re8 45. Bf7 Rd8 46. Nc4+ Kc6+ 47. Ke5 Rd1 48. Bg8 Kc5 49. Bxh7 Rd3 50. Bxg6 Rxb3 51. Ne3 Rb4 52. h5 Rxa4 53. Nxf5 Ra1 54. Ng3 Rd1 55. h6 Rd8 56. h7 a4 57. Bf7 Rh8 58. Bg8 a3 59. Ne4+ Kb4 60. Ng5 Kc3 61. Kf6 b5 62. Kg7 Rxh7+ 63. Kxh7 b4 64. Ne4+ Kd4 65. f5 1-0